000 00367nam a22000857a 4500
008 160314b xxu||||| |||| 00| 0 eng d
100 _aErler, Martin
245 _aKatalog der Stempelmarken von Deutschland, Kostenmarken von Bayern Vol 9 (1982)
_bCatalog of adhesive revenue stamps of Germany. Fee stamps of Bavaria issue 1957
260 _aIckingen, Germany
_bORA Verlag
_c1982
999 _c1831
_d1831